00529nam a22001577a 450000500170000002000230001703500120004003700130005210000280006524500620009326000270015530000230018294200270020599900170023295201220024920120529140952.0 a0333935314c275.00 aB-24313 aDPLbENG aSrivastava, C.P.948153 aCorruption : bIndia's enemy within /cby C.P. Srivastava aDelhibMacmillanc2001 axx, 240p.c22 cms. 2ddccENh346.1323mSRI c67318d67318 001040708NFICaZLSbZLSd2012-05-29g275.00l0o346.1323 SRIpB-24313r2012-05-29 00:00:00v275.00w2012-05-29yEN